Statistiques concernant Loi 12 arbitrage foot

Cliquez ici pour prendre le quiz!

Statistiques générales

  • Ce quiz a été pris 21 fois
  • Le résultat moyen est 6 sur 35

Statistiques - réponses

IndiceRéponse% Correct
CFDCommettre une main
67%
ExclusionCracher sur/vers ou mordre quelqu'un
47%
CFDBousculer un adversaire
40%
CFDCharger un adversaire
40%
ExclusionCommettre un acte de brutalité
40%
ExclusionCommettre une faute grossière
40%
CFDSauter sur un adversaire
40%
CFDFaire ou essayer de faire trébucher un adversaire
27%
AvertissementRetarder la reprise du jeu
27%
AvertissementSe rendre coupable d'un comportement antisportif
27%
CFDTenir ou retenir un adversaire
27%
CFDFrapper ou essayer de frapper un adversaire
20%
AvertissementManifester sa désapprobation en paroles ou en actes
20%
ExclusionRecevoir un second avertissement au cours du même match
20%
CFDTacler un adversaire ou lui disputer le ballon
20%
CFDFaire obstacle à la progression d'un adversaire avec contact
13%
CFICommettre d'autres fautes non mentionnées au préalable dans les Lois du Jeu et pour lesquelles le match est arrêté afin d'avertie ou d'exclure un joueur
7%
CFDDonner ou essayer de donner un coup de pied à un adversaire
7%
ExclusionEmpêcher de marquer un but ou annihiler une occasion de but manifeste d'un adversaire se dirigeant vers le but (mais pas forcément directement) du joueur fautif en commettant une faute passible d'un coup franc
7%
ExclusionEmpêcher l'équipe adverse de marquer un but, ou annihiler une occasion de but manifeste en commettant une main (excepté le gardien de but dans sa propre surface de réparation)
7%
AvertissementEnfreindre de manière répétée les Lois du Jeu (le nombre d'infractions commises à partir duquel l'avertissement doit être infligé n'est pas précisément défini)
7%
CFIFaire obstacle à l'évolution d'un adversaire sans qu'il y ait contact
7%
CFIInitier délibérément une stratégie pour que le ballon soit passé (y compris sur coup franc ou coup de pied de but) à son gardien de but de la tête, de la poitrine, du genou, etc. dans le but de contourner la Loi et ce, que le gardien touche ou non le ballon des mains; le gardien de but est pénalisé s'il est celui qui initie cette stratégie délibérée
7%
CFIJouer d'une manière juger dangereuse
7%
CFDLancer (ou botter) un objet sur/vers le ballon, un adversaire ou un arbitre, ou toucher le ballon avec un objet tenu dans la main
7%
CFILe gardien de but est en possession du ballon avec ses mains/bras pendant plus de six secondes avant de le relâcher
7%
CFILe gardien de but touche le ballon du bras ou de la main après l'avoir lâché, sans qu'il ait été touché par un autre joueur
7%
CFILe gardien de but touche le ballon du bras ou de la main directement sur une rentrée de touche effectuée par un coéquipier
7%
CFILe gardien de but touche le ballon du bras ou de la main sur une passe bottée délibérément par un coéquipier
7%
CFDMord ou crache sur/vers quelqu'un d'inscrit sur la liste de départ ou un arbitre
7%
AvertissementPénétrer ou revenir délibérément sur le terrain, ou quitter délibérément le terrain sans l'autorisation de l'arbitre
7%
ExclusionTenir des propos blessants, injurieux et/ou grossiers ou agir de façon blessante, injurieuse et/ou avec grossièreté
7%
CFIEmpêcher le gardien de but de lâcher le ballon des mains ou jouer ou essayer de jouer le ballon alors qu'il est en train de le lâcher
0%
CFIManifester sa désapprobation en tenant des propos blessants, injurieux ou grossiers, en agissant de façon blessante, injurieuse et/ou avec grossièreté ou en commettant d'autres "infractions orales"
0%
AvertissementNe pas respecter la distance réglementaire lors de l'exécution d'une balle à terre, d'un corner, d'un coup franc ou d'une rentrée de touche
0%

Distribution des résultats

Percentile par nombre de réponses

% des personnes avec chaque résultat

Votre développement - résultats

Vous n’avez pas pris ce quiz